000 00803nam a2200253Ia 4500
003 OSt
005 20220927104628.0
006 a|||||r|||| 00| 0
007 ta
008 220926b |||||||| |||| 00| 0 eng d
024 _a131610
037 _cReference Collections
040 _aRTL
_cRTL
_beng
041 _2eng
_aeng
082 _a"V4315:1p1,N81, M1/UN"
110 _a"United Nations, International Conference on Kampuchea (New York (1981))"
_9366574
245 0 _aReport.
260 _aNew
_bYork UN USA
_c1981
300 _a12p
_ccm.
650 _aSouth East Asia History
_9366575
700 _a"United Nations, International Conference on Kampuchea (New York (1981))"
_9366576
942 _h"V4315:1p1,N81, M1/UN"
_cCC
999 _c688139
_d688139